000 00238nam a2200085Ia 4500
245 0 _aHuman resource development
100 _a Mankin, David, , 1955- New York, 2009
_979142
942 _cBK
008 210817s9999 xx 000 0 und d
999 _c275073
_d275072